Financie ako súčasť medzinárodných vzťahov

Recenzia na monografiu: Longauerová, Alena - Šulajová Irena: Vybrané problémy medzinárodných financií. Cieľom publikácie je bližšie priblíženie problematiky medzinárodných financií ako aj ich súvislostí. Text je rozvrhnutý do desiatich odborných kapitol, kde prvé štyri kapitoly sú zamerané na základ...

Descripción completa

Guardado en:
Detalles Bibliográficos
Autor principal: Mesíková, Eleonóra
Formato: Capítulo de libro
Lenguaje:eslovaco
Materias:
Etiquetas: Agregar Etiqueta
Sin Etiquetas, Sea el primero en etiquetar este registro!

MARC

LEADER 00000naa$a2200000$$$4500
001 0034929
005 20231107111426.2
041 0 |a slo 
044 |a SK 
245 1 0 |a Financie ako súčasť medzinárodných vzťahov  |c Eleonóra Mesíková 
520 |a Recenzia na monografiu: Longauerová, Alena - Šulajová Irena: Vybrané problémy medzinárodných financií. Cieľom publikácie je bližšie priblíženie problematiky medzinárodných financií ako aj ich súvislostí. Text je rozvrhnutý do desiatich odborných kapitol, kde prvé štyri kapitoly sú zamerané na základnú teoreticko-pojmovú terminológiu a na vymedzenie základných finančných vzťahov. Ďalšie kapitoly sú zamerané na praktickú časť medzinárodných financií ( devízový trh, jeho riziká a riadenie, systém bánk a ich produkty, tendencie vývoja bankových systémov, platobná bilancia štátu a smerovanie svetovej ekonomiky). 
610 2 0 |a recenzie 
610 2 0 |a financie medzinárodné 
610 2 0 |a pojmy 
610 2 0 |a vzťahy medzinárodné 
610 2 0 |a trh devízový 
610 2 0 |a bankovníctvo 
610 2 0 |a peniaze 
610 2 0 |a politika menová 
610 2 0 |a obchody bankové 
100 1 |a Mesíková, Eleonóra